000 00784nam a22002657a 4500
003 SISC
005 20170518131317.0
008 130207t xxu||||| |||| 00| 0 eng d
020 _a9789712361661
050 _aLB 3058.P6
_b.G115 2012
100 _aGabuyo, Yonardo A.
245 _aAssessment of learning I :
_btextbook and reviewer /
_cYonardo A. Gabuyo.
260 _aManila :
_bRex Book Store,
_c2012.
300 _axii, 262 pages ;
_b24 cm.
500 _aIncludes bibliographical references and index.
650 _aEducational test and measurement -- Philippines.
650 _aEducation Program -- Philippines.
942 _2lcc
_cBK
_kLOC
999 _c329555
_d329555